|
|
|
|
| LEADER |
00600cam a2200169 7i4500 |
| 001 |
0000023495 |
| 005 |
20151104090000.0 |
| 005 |
##20151104125600.0 |
| 003 |
##MY-KlINT |
| 039 |
# |
9 |
|y 201511041256
|z VLOAD
|
| 090 |
0 |
0 |
|a E 297.877
|b HAR
|
| 100 |
1 |
# |
|a Hartford, Hedaya
|
| 245 |
1 |
0 |
|a Merancang dan memelihara perkahwinan dalam Islam :
|b memulakan dengan langkah kanan /
|c oleh Hedaya Hartford;
|f diterjemah oleh Mohamad Zaki bin Samsuddin.
|
| 260 |
# |
# |
|a Kelana Jaya, Selangor:
|b Blue Nile,
|c 2002.
|
| 300 |
# |
# |
|a 157 ms;
|c 21cm.
|
| 650 |
# |
0 |
|a Marriage --
|x Religious aspects --
|x Islam
|
| 700 |
0 |
# |
|a Mohamad Zaki bin Samsudin
|